Vplyv urbanizácie a udržateľný rozvoj sídiel Slovenska : Dizertačná práca

Enregistré dans:
Détails bibliographiques
Auteur principal: Piják, Ondrej, 1982- (Auteur)
Autres auteurs: Húsenicová, Jarmila, 1953- (Directeur de thèse)
Format: Manuscrit Livre
Langue:slovaque
Publié: Bratislava : STU v Bratislave SvF, 2010
Sujets:
Accès en ligne:VAIS
Tags: Ajouter un tag
Pas de tags, Soyez le premier à ajouter un tag!

MARC

LEADER 00000ntm a22000003a 4500
001 stu231953
005 20160721135556.8
008 110721s2010----xo------------------slo-d
040 |a STU  |b slo 
041 0 |a slo 
044 |a xo 
100 1 |a Piják, Ondrej,  |d 1982-  |4 aut  |X 23018  |7 A000023018 
242 0 0 |a Impact of urbanization and sustainable development of settlements in Slovakia  |y eng 
245 1 |a Vplyv urbanizácie a udržateľný rozvoj sídiel Slovenska :  |b Dizertačná práca 
260 |a Bratislava :  |b STU v Bratislave SvF,  |c 2010 
300 |a 118 s 
650 7 |a straw  |2 estusub 
650 7 |a slama  |2 stusub 
700 1 |a Húsenicová, Jarmila,  |d 1953-  |4 ths  |u V181  |U SvF Stavebná fakulta  |T SvF Katedra architektúry  |X 901  |U V181|V310  |Y 19  |7 A000000901 
856 4 |a info a plný text  |u http://is.stuba.sk/zp/portal_zp.pl?podrobnosti=73619  |3 VAIS 
996 |b 284V036599  |c V*3011/DP-991  |l VVS  |s P  |a 0  |w stu231953_0001